|
|
|
|
| LEADER |
02628nam a2200637 a 4500 |
| 001 |
nkc20091926948 |
| 003 |
CZ PrNK |
| 005 |
20090709112255.0 |
| 007 |
ta |
| 008 |
090422s2009 xr abe f 000 0 cze |
| 015 |
|
|
|a cnb001926948
|
| 020 |
|
|
|a 978-80-86023-98-4
|q (váz.)
|
| 035 |
|
|
|a (OCoLC)403715139
|
| 040 |
|
|
|a BOA001
|b cze
|d ABA001
|
| 041 |
1 |
|
|a cze
|a ger
|b ger
|h cze
|
| 043 |
|
|
|a e-xr---
|b e-xr-mr
|b e-xr-sl
|2 czenas
|
| 045 |
|
|
|a l-p-
|
| 072 |
|
7 |
|a 902
|x Archeologie
|2 Konspekt
|9 8
|
| 080 |
|
|
|a 902.2
|2 MRF
|
| 080 |
|
|
|a 902:904
|2 MRF
|
| 080 |
|
|
|a 711.459.6
|2 MRF
|
| 080 |
|
|
|a 725.182
|2 MRF
|
| 080 |
|
|
|a (437.32)
|2 MRF
|
| 080 |
|
|
|a (437.33)
|2 MRF
|
| 080 |
|
|
|a (048.8)
|2 MRF
|
| 100 |
1 |
|
|a Procházka, Rudolf,
|d 1955-
|7 mzk2005313087
|4 aut
|
| 245 |
1 |
0 |
|a Vývoj opevňovací techniky na Moravě a v českém Slezsku v raném středověku /
|c Rudolf Procházka
|
| 260 |
|
|
|a Brno :
|b Archeologický ústav Akademie věd České republiky Brno,
|c 2009
|
| 300 |
|
|
|a 383 s. :
|b il., mapy, plány ;
|c 31 cm
|
| 490 |
1 |
|
|a Spisy Archeologického ústavu AV ČR Brno ;
|v 38
|
| 500 |
|
|
|a Projekt Moravia Magna
|
| 504 |
|
|
|a Obsahuje bibliografie a bibliografické odkazy
|
| 546 |
|
|
|a Část. německý a část. souběžný německý text, německé resumé
|
| 648 |
|
7 |
|a 8.-12. století
|7 ch1033236
|2 czenas
|
| 650 |
0 |
7 |
|a archeologické výzkumy
|7 ph118577
|z Česko
|2 czenas
|
| 650 |
0 |
7 |
|a archeologické nálezy
|7 ph137683
|z Česko
|2 czenas
|
| 650 |
0 |
7 |
|a opevněná sídla
|7 ph123762
|z Česko
|y 8.-12. století
|2 czenas
|
| 650 |
0 |
7 |
|a opevnění
|7 ph123763
|z Česko
|y 8.-12. století
|2 czenas
|
| 650 |
0 |
9 |
|a excavations (archaeology)
|z Czechia
|2 eczenas
|
| 650 |
0 |
9 |
|a antiquities
|z Czechia
|2 eczenas
|
| 650 |
0 |
9 |
|a fortified seats
|z Czechia
|y 8th-12th centuries
|2 eczenas
|
| 650 |
0 |
9 |
|a fortification
|z Czechia
|y 8th-12th centuries
|2 eczenas
|
| 651 |
|
7 |
|a Morava (Česko)
|7 ge130070
|y středověk
|2 czenas
|
| 651 |
|
7 |
|a Slezsko (Česko)
|7 ge138041
|y středověk
|2 czenas
|
| 651 |
|
9 |
|a Moravia (Czechia)
|y middle ages
|2 eczenas
|
| 651 |
|
9 |
|a Silesia (Czechia)
|y middle ages
|2 eczenas
|
| 655 |
|
7 |
|a monografie
|7 fd132842
|2 czenas
|
| 655 |
|
9 |
|a monographs
|2 eczenas
|
| 710 |
2 |
|
|a Moravia Magna (projekt)
|7 kn20050509057
|
| 810 |
2 |
|
|a Archeologický ústav (Akademie věd ČR : Brno, Česko).
|t Spisy
|0 s
|
| 910 |
2 |
|
|a BOA001
|b 4-1223.167
|
| 990 |
|
|
|a BK
|
| 995 |
|
|
|a 01
|
| 991 |
|
|
|b 200905
|c NOV
|j 902/904 PRO
|
| 996 |
6 |
|
|b 2610375593
|c 4-1223.167
|l MZK
|r Sklad / do 1 hodiny
|n 9
|p p.v.
|w 000936799
|u 000010
|a 1
|e BOA001
|j MZK50
|s P
|
| 996 |
7 |
|
|b 2610375594
|c 4-1223.167
|l Vol.výběr
|r VV 1p
|n 45
|p p.v.
|h 902 PRO
|w 000936799
|u 000020
|a 0
|e BOA001
|j MZK50
|s A
|